[Event "Bistro Stella Limhamn"]
[Site "Malmo SWE"]
[Date "2018.12.01"]
[Round "1.1"]
[White "Westerberg, J"]
[Black "Semcesen, D"]
[Result "1-0"]
[WhiteElo "2534"]
[BlackElo "2464"]
[EventDate "2018.12.01"]

1.d4 d5 2.c4 c6 3.cxd5 cxd5 4.Bg5 Nf6 5.Bxf6 gxf6 6.Nc3 e6 7.e3 Nc6 8.Nf3 
f5 9.Bd3 Bd7 10.Rc1 Bd6 11.O-O O-O 12.Na4 b6 13.a3 Rc8 14.Ba6 Rc7 15.Nc3 
Nb8 16.Bd3 a6 17.Ne5 Be8 18.Bb1 Nd7 19.f4 Nf6 20.Qf3 Kh8 21.Kh1 Rg8 22.Qh3
Ne4 23.Nxe4 dxe4 24.Ba2 b5 25.Rxc7 Qxc7 26.Qh6 Bf8 27.Qh4 Be7 28.Qe1 f6 
29.Bxe6 Rf8 30.Bxf5 fxe5 31.fxe5 Qc4 32.Rf2 Bc6 33.g3 Bd5 34.h4 Qb3 35.Kg2
b4 36.axb4 Bxb4 37.Qc1 Qc4 38.Qxc4 Bxc4 39.Bxe4 Rb8 40.Rc2 Bg8 41.d5 Re8 
42.e6 Bxe6 43.dxe6 Rxe6 1-0

[Event "Bistro Stella Limhamn"]
[Site "Malmo SWE"]
[Date "2018.12.01"]
[Round "1.3"]
[White "Tikkanen, H"]
[Black "Grandelius, N"]
[Result "1/2-1/2"]
[WhiteElo "2519"]
[BlackElo "2678"]
[EventDate "2018.12.01"]

1.d4 Nf6 2.Nf3 g6 3.e3 Bg7 4.Be2 O-O 5.c4 b6 6.O-O Bb7 7.Nc3 e6 8.d5 exd5 
9.cxd5 Na6 10.e4 Nc5 11.Bd3 Re8 12.Re1 b5 13.Bg5 h6 14.Bxf6 Qxf6 15.Bxb5 
Qb6 16.e5 c6 17.dxc6 dxc6 18.Bc4 Qxb2 19.Na4 Nxa4 20.Qxa4 Qb6 21.Bxf7+ 
Kxf7 22.Rab1 Qc7 23.Qb3+ Kf8 24.Qxb7 Qxb7 25.Rxb7 g5 26.Kf1 Re7 27.Rxe7 
Kxe7 28.Nd4 Bf8 29.Nxc6+ Ke6 30.Nd4+ Kd5 31.Nb5 Rc8 32.Nxa7 Rc2 33.Rd1+ 
Kxe5 34.a4 Ra2 35.Nc6+ Kf6 36.a5 Bc5 37.Rd5 Bxf2 38.Nb4 Rb2 39.Nd3 Rd2 40.
a6 Be3 41.Nb4 Rf2+ 42.Ke1 Rxg2 43.Rb5 Ke6 44.Nc6 Kd6 45.Na5 Kd7 46.Rb7+ 
Ke6 47.Nc6 Kd6 48.a7 Bxa7 49.Nxa7 Rxh2 1/2-1/2

[Event "Bistro Stella Limhamn"]
[Site "Malmo SWE"]
[Date "2018.12.01"]
[Round "1.4"]
[White "Hector, J"]
[Black "Brynell, S"]
[Result "1/2-1/2"]
[WhiteElo "2501"]
[BlackElo "2409"]
[EventDate "2018.12.01"]

1.e4 e6 2.d4 d5 3.Nc3 Bb4 4.Qd3 Ne7 5.Bd2 c5 6.exd5 exd5 7.dxc5 O-O 8.
O-O-O Bxc5 9.Bg5 f6 10.Bf4 Bxf2 11.Qf3 Bxg1 12.Rxg1 Be6 13.Nb5 Na6 14.Nd4 
Bf7 15.Bxa6 bxa6 16.Rge1 Ng6 17.Bg3 Qa5 18.Kb1 Rfe8 19.Nf5 Rxe1 20.Bxe1 
Qc7 21.Bg3 Qd7 22.c4 Rd8 23.Ka1 Be6 24.Ne3 d4 25.h3 d3 26.Qf1 Qd4 27.Bf2 
Bxc4 28.Nxc4 Qxc4 29.Bxa7 Ne5 30.Be3 Qe4 31.Bd2 Qe2 32.Bc3 Qxf1 33.Rxf1 
Nc4 34.Kb1 Ne3 35.Rf2 Nd1 36.Rd2 Nxc3+ 37.bxc3 Kf7 38.Kc1 Ke6 39.Kd1 Ke5 
40.Rb2 Ke4 41.Kd2 Rd5 42.Rb4+ Ke5 43.Rb7 g5 44.Rxh7 Ra5 45.Kxd3 Rxa2 46.g4
Rh2 47.Kc4 a5 48.Kb5 Rc2 49.c4 a4 50.Re7+ Kf4 51.Re6 Kg3 52.Rxf6 Kxh3 53.
Ra6 Kxg4 54.c5 Kf3 55.Rxa4 g4 1/2-1/2

[Event "Bistro Stella Limhamn"]
[Site "Malmo SWE"]
[Date "2018.12.01"]
[Round "2.3"]
[White "Brynell, S"]
[Black "Hansen, SuB"]
[Result "0-1"]
[WhiteElo "2409"]
[BlackElo "2583"]
[EventDate "2018.12.01"]

1.d4 Nf6 2.c4 c5 3.d5 e5 4.Nc3 d6 5.e4 Be7 6.Nf3 Nbd7 7.Bd3 Nf8 8.h3 Ng6 
9.g3 h6 10.Be3 Bd7 11.Bc2 O-O 12.Qd2 a6 13.a4 Rb8 14.a5 b5 15.axb6 Rxb6 
16.Ra2 Qc7 17.Ba4 Rfb8 18.Bxd7 Qxd7 19.Kf1 Qb7 20.Kg2 Rb3 21.Rha1 Bd8 22.
Qd3 Ra8 23.Qc2 Rb6 24.Nd2 Qc8 25.Nf3 Rab8 26.Ne1 Nh7 27.Nd3 Bg5 28.Qd2 f5 
29.exf5 Qxf5 30.Rxa6 Bxe3 31.Qxe3 Ng5 32.h4 Qh3+ 33.Kg1 Nxh4 34.Ne1 Ngf3+ 
0-1

[Event "Bistro Stella Limhamn"]
[Site "Malmo SWE"]
[Date "2018.12.01"]
[Round "2.4"]
[White "Grandelius, N"]
[Black "Hector, J"]
[Result "1-0"]
[WhiteElo "2678"]
[BlackElo "2501"]
[EventDate "2018.12.01"]

1.c4 e5 2.d3 Nf6 3.Nf3 Nc6 4.g3 e4 5.dxe4 Nxe4 6.Bg2 Bc5 7.O-O d6 8.Nbd2 
Nxd2 9.Bxd2 O-O 10.Bc3 Bb4 11.Bxb4 Nxb4 12.Nd4 Rb8 13.Qd2 Na6 14.Rfd1 Nc5 
15.b4 Ne6 16.Nb5 a6 17.Nc3 b5 18.Qd3 c5 19.a3 bxc4 20.Qxc4 cxb4 21.axb4 
Qb6 22.Nd5 Qa7 23.b5 Nc5 24.b6 Qd7 25.e4 Qe6 26.e5 Qxe5 27.Re1 Qh5 28.Qf4 
Qh6 29.Qxh6 gxh6 30.Rad1 Kg7 31.Rd4 Be6 32.Rb1 a5 33.Ne7 a4 34.Nc6 Rb7 35.
Na5 Rd7 36.Bc6 Rdd8 37.b7 a3 38.Bd5 a2 39.Ra1 Rb8 40.Bxe6 fxe6 41.Rxa2 
Nxb7 42.Nxb7 Rxb7 43.Rxd6 Rf6 44.Kg2 Kf7 45.Rc6 Rd7 46.Rc4 Kg6 47.Re2 Kf7 
48.Rg4 Rd5 49.Rb2 Rd7 50.Rc4 Kg7 51.Rc8 Rf8 52.Rc6 Rf6 53.Kh3 Kf7 54.Rc8 
Kg7 55.f4 Rf8 56.Rc6 Re8 57.Rb5 Ree7 58.Rbb6 Kf7 59.Rc8 Rd2 60.Rbb8 Kf6 
61.Rh8 Kg6 62.Rbg8+ Rg7 63.Re8 Kf6 64.Ra8 Rf7 65.Rhe8 Re2 66.Ra6 Rc7 67.
Rf8+ Rf7 68.Rxf7+ Kxf7 69.Ra7+ Kg6 70.Re7 h5 71.Ra7 h6 72.Ra5 Re1 73.Kh4 
Re2 74.h3 Rh2 75.Re5 Kf6 76.Rxh5 Kg6 77.Ra5 Kf6 78.Kg4 Kg6 79.Ra6 Kf7 80.
h4 Rg2 81.Ra3 Kg6 82.Ra6 Kf7 83.Ra7+ Kg6 84.h5+ Kf6 85.Rh7 Re2 86.Rxh6+ 
Kf7 87.Rg6 e5 88.fxe5 Rxe5 89.Ra6 Kg7 90.Kh4 Rb5 91.g4 Kh7 92.Ra7+ Kg8 93.
h6 Kh8 94.g5 Rb6 95.Kh5 Rb5 96.Rf7 Ra5 97.Kg6 Ra6+ 98.Rf6 Ra8 99.Re6 Rf8 
100.Re7 Ra8 101.Kf7 Rf8+ 102.Ke6 Ra8 103.g6 Kg8 104.Rd7 Ra6+ 105.Kf5 Ra5+ 
106.Ke6 Ra6+ 107.Rd6 Ra8 108.Ke7 1-0

[Event "Bistro Stella Limhamn"]
[Site "Malmo SWE"]
[Date "2018.12.01"]
[Round "3.1"]
[White "Hector, J"]
[Black "Westerberg, J"]
[Result "1-0"]
[WhiteElo "2501"]
[BlackElo "2534"]
[EventDate "2018.12.01"]

1.e4 e5 2.Nf3 Nf6 3.d4 Nxe4 4.dxe5 d5 5.Nbd2 Qd7 6.Bd3 Nc5 7.Be2 Ne6 8.O-O
Be7 9.c4 Nf4 10.cxd5 Nxe2+ 11.Qxe2 Qxd5 12.Rd1 Bg4 13.h3 Bh5 14.Ne4 Bxf3 
15.Qxf3 Qc6 16.Be3 Nd7 17.Rac1 Nxe5 18.Qf5 Nc4 19.Bc5 Bxc5 20.Nxc5 g6 21.
Re1+ Kf8 22.Qg5 b5 23.b3 f6 24.Qh6+ Kf7 25.bxc4 Qxc5 26.cxb5 Qd6 27.Rc6 
Qd7 28.Qf4 Rhc8 29.Qxf6+ Kg8 30.Re7 1-0

[Event "Bistro Stella Limhamn"]
[Site "Malmo SWE"]
[Date "2018.12.01"]
[Round "3.2"]
[White "Hansen, SuB"]
[Black "Grandelius, N"]
[Result "1/2-1/2"]
[WhiteElo "2583"]
[BlackElo "2678"]
[EventDate "2018.12.01"]

1.e4 c5 2.Nf3 d6 3.c3 Nf6 4.Bd3 Nc6 5.h3 g6 6.Bc2 e5 7.d4 cxd4 8.cxd4 exd4
9.Nxd4 Bg7 10.Be3 O-O 11.Nc3 d5 12.O-O dxe4 13.Nxc6 bxc6 14.Nxe4 Ba6 15.
Re1 Nxe4 16.Bxe4 Bxb2 17.Rb1 Bc3 18.Qxd8 Raxd8 19.Rec1 Bd4 20.Bxd4 Rxd4 
21.Bxc6 Rc8 22.Rb2 Rc4 23.Rxc4 Bxc4 24.Ba4 Be6 25.Rb7 Bxa2 26.Rxa7 Be6 27.
Bd7 Bxd7 1/2-1/2

[Event "Bistro Stella Limhamn"]
[Site "Malmo SWE"]
[Date "2018.12.01"]
[Round "3.3"]
[White "Hillarp Persson, T"]
[Black "Brynell, S"]
[Result "1/2-1/2"]
[WhiteElo "2546"]
[BlackElo "2409"]
[EventDate "2018.12.01"]

1.Nf3 d5 2.g3 Nf6 3.Bg2 g6 4.c4 c6 5.Qa4 d4 6.d3 Bg7 7.O-O O-O 8.Qc2 a5 9.
e3 dxe3 10.Bxe3 Na6 11.a3 Ng4 12.Nc3 Bf5 13.Rad1 Nxe3 14.fxe3 Nc5 15.Ne1 
Bg4 16.Bf3 Bxf3 17.Nxf3 e5 18.Kg2 Qd7 19.d4 exd4 20.exd4 Ne6 21.d5 cxd5 
22.Nxd5 Kh8 23.Nb6 Qc6 24.Nxa8 Rxa8 25.b3 h5 26.Rfe1 Kg8 27.Rd5 Rc8 28.Qe4
a4 29.b4 Qxc4 30.Qxc4 Rxc4 31.Ra5 Rc2+ 32.Kf1 Rc3 33.Nh4 Nd4 34.Ra8+ Kh7 
35.Re7 g5 36.Ng2 Kg6 37.Rxb7 Rc1+ 38.Ne1 Nf3 39.Ra6+ f6 40.Re6 Nxh2+ 41.
Kg2 Ng4 42.b5 Bf8 43.Nf3 Rc2+ 44.Kh1 Bc5 45.Rc6 Rc1+ 46.Kg2 Rc2+ 47.Kh1 
Nf2+ 48.Kg1 Ne4+ 49.Rxc5 Nxc5 50.Rc7 Rc3 51.Kg2 Rc2+ 52.Kg1 Rc3 53.Kg2 
Rc2+ 1/2-1/2

[Event "Bistro Stella Limhamn"]
[Site "Malmo SWE"]
[Date "2018.12.01"]
[Round "3.4"]
[White "Tikkanen, H"]
[Black "Semcesen, D"]
[Result "0-1"]
[WhiteElo "2519"]
[BlackElo "2464"]
[EventDate "2018.12.01"]

1.d4 d5 2.Bf4 Bf5 3.c4 e6 4.cxd5 exd5 5.Qb3 Nc6 6.Nf3 Nb4 7.Na3 c6 8.e3 
Qa5 9.Nd2 Nf6 10.f3 Be7 11.g4 Bg6 12.h4 h6 13.Be2 Nd7 14.Bg3 Nb6 15.O-O 
Nc2 16.Nxc2 Qxd2 17.Bd1 O-O 18.Rf2 Qa5 19.Be2 Rfe8 20.Ne1 Bf8 21.Ng2 Qb4 
22.Qxb4 Bxb4 23.a3 Bf8 24.Rc1 a5 25.Bc7 Nc8 26.Rc3 Nd6 27.Nf4 Bh7 28.Bf1 
a4 29.Ng2 Rec8 30.Bb6 Re8 31.Bc5 Rac8 32.Rd2 Rcd8 33.Rd1 Ra8 34.Rdc1 g5 
35.hxg5 hxg5 36.Kf2 Bg6 37.Be2 Kg7 38.Rh1 f6 39.Rcc1 Be7 40.Ne1 Rh8 41.
Rxh8 Rxh8 42.Kg2 Kf7 43.Bxd6 Bxd6 44.Kg1 f5 45.Bd3 fxg4 46.fxg4 Rh4 47.
Bxg6+ Kxg6 48.Nf3 Rxg4+ 49.Kf2 Re4 50.Rg1 Be7 51.Ne5+ Kf5 52.Rh1 Rh4 53.
Rxh4 gxh4 54.Kf3 Bd6 55.Ng4 Kg5 56.Nf2 Bg3 57.Nd3 Bd6 58.Nf2 Kf5 59.e4+ 
dxe4+ 60.Nxe4 Be7 61.Nc3 Bf6 62.Ne2 Bg7 63.Nc3 Bxd4 64.Nxa4 b5 0-1

[Event "Bistro Stella Limhamn"]
[Site "Malmo SWE"]
[Date "2018.12.01"]
[Round "4.1"]
[White "Semcesen, D"]
[Black "Brynell, S"]
[Result "1-0"]
[WhiteElo "2464"]
[BlackElo "2409"]
[EventDate "2018.12.01"]

1.d4 Nf6 2.Nf3 e6 3.Bg5 h6 4.Bh4 c5 5.c3 cxd4 6.cxd4 g5 7.Bg3 Qb6 8.Qc1 
Nc6 9.e3 d5 10.Nc3 Bd7 11.Ne5 Rc8 12.Be2 Bg7 13.O-O O-O 14.Qd2 Na5 15.Rac1
Nc4 16.Bxc4 dxc4 17.Qe2 Qa6 18.b3 cxb3 19.Qxa6 bxa6 20.axb3 Bb5 21.Nxb5 
axb5 22.Nc6 Ra8 23.Ra1 a6 24.Bc7 Nd5 25.Ba5 Rfc8 26.Rac1 Bf8 27.b4 Bd6 28.
Rc2 f6 29.Rfc1 Re8 30.g3 g4 31.Kg2 Kf7 32.e4 Ne7 33.e5 fxe5 34.dxe5 Nxc6 
35.exd6 Nxa5 36.bxa5 Red8 37.Rc7+ Kf6 38.R1c6 h5 39.Rh7 Kg6 40.Rb7 Kf6 41.
h3 Rab8 42.Rxb8 Rxb8 43.Rxa6 b4 44.Rb6 Ra8 45.hxg4 hxg4 46.Rxb4 Rxa5 47.
Rxg4 Rd5 48.Rf4+ Kg6 49.Kf3 Rxd6 50.Ke4 Ra6 51.Ke5 Rb6 52.Rf6+ Kg5 53.Rxe6
Rb2 54.f4+ Kg4 55.Rg6+ Kf3 56.Kf6 Ke4 57.Kg5 Kf3 58.g4 Rb4 59.Rf6 Ra4 60.
Kh5 Ra1 61.g5 Rh1+ 62.Kg6 Kg4 63.Kg7 Ra1 64.g6 Kh5 65.Rf5+ Kg4 66.Rf7 1-0

[Event "Bistro Stella Limhamn"]
[Site "Malmo SWE"]
[Date "2018.12.01"]
[Round "4.2"]
[White "Grandelius, N"]
[Black "Hillarp Persson, T"]
[Result "1-0"]
[WhiteElo "2678"]
[BlackElo "2546"]
[EventDate "2018.12.01"]

1.c4 c5 2.Nf3 Nc6 3.d4 cxd4 4.Nxd4 g6 5.e4 Bg7 6.Be3 Nf6 7.Nc3 O-O 8.Be2 
b6 9.O-O Bb7 10.f3 e6 11.Rc1 Qb8 12.Qd2 Rd8 13.Rfd1 Nh5 14.Qe1 Be5 15.g3 
Bg7 16.Qf2 Nf6 17.Ndb5 Ne8 18.Bg5 f6 19.Be3 h6 20.Rd2 Bf8 21.Rcd1 d6 22.f4
Ne7 23.Nd4 Ng7 24.Bf3 Kh7 25.Ndb5 Nc8 26.g4 a6 27.Nd4 e5 28.Nde2 b5 29.c5 
Re8 30.f5 g5 31.b4 dxc5 32.bxc5 Bc6 33.Nd5 Be7 34.h4 Ra7 35.hxg5 hxg5 36.
Qh2+ Kg8 37.Qh6 Rf8 38.Kg2 Bd8 39.Rh1 Bxd5 40.exd5 Ne7 41.d6 1-0

[Event "Bistro Stella Limhamn"]
[Site "Malmo SWE"]
[Date "2018.12.01"]
[Round "4.3"]
[White "Tikkanen, H"]
[Black "Hector, J"]
[Result "1-0"]
[WhiteElo "2519"]
[BlackElo "2501"]
[EventDate "2018.12.01"]

1.d4 d5 2.Bf4 c5 3.e3 Nc6 4.c3 Nf6 5.Nd2 cxd4 6.exd4 Bf5 7.Qb3 Qd7 8.Ngf3 
a6 9.Nh4 Be4 10.f3 Bg6 11.Nxg6 hxg6 12.Bd3 e6 13.O-O-O b5 14.Kb1 Bd6 15.
Bxd6 Qxd6 16.g3 Ke7 17.Rde1 Rhc8 18.f4 b4 19.cxb4 Nxd4 20.Qa4 Ng4 21.Be2 
Nxe2 22.Rxe2 Qb6 23.Nb3 Rc4 24.a3 Rac8 25.Rd1 Kf8 26.Qa5 Qxa5 27.Nxa5 Re4 
28.Rde1 Nxh2 29.Rxe4 dxe4 30.Rh1 f5 31.Rxh2 Kf7 32.Rc2 Rd8 33.Nc6 Rd1+ 34.
Rc1 Rd2 35.Ne5+ Ke8 36.Rc8+ Ke7 37.Nxg6+ Kd7 38.Rc2 Rd1+ 39.Rc1 Rd2 40.
Ne5+ Kd8 41.Rc3 Rd1+ 42.Kc2 Rg1 43.a4 Ke7 44.b5 axb5 45.axb5 1-0

[Event "Bistro Stella Limhamn"]
[Site "Malmo SWE"]
[Date "2018.12.01"]
[Round "4.4"]
[White "Westerberg, J"]
[Black "Hansen, SuB"]
[Result "1/2-1/2"]
[WhiteElo "2534"]
[BlackElo "2583"]
[EventDate "2018.12.01"]

1.d4 Nf6 2.Nf3 g6 3.Nbd2 c5 4.dxc5 Qa5 5.b3 Bg7 6.Bb2 O-O 7.e3 Qxc5 8.c4 
b6 9.Be2 Bb7 10.O-O d6 11.Rc1 a6 12.Nb1 Nbd7 13.Nc3 Rfd8 14.Rc2 Rac8 15.
Rd2 Qc7 16.Qa1 Bf8 17.Rfd1 e6 18.h3 Be7 19.Ne1 Qb8 20.a4 Nc5 21.Qa2 d5 22.
Ba3 dxc4 23.Bxc4 Rxd2 24.Rxd2 Qe5 25.Bb2 Bd6 26.Nf3 Bxf3 27.gxf3 Qh2+ 28.
Kf1 Nh5 29.Ke2 Bg3 30.Nd1 Be5 31.Bxe5 Qxe5 32.Ke1 Qh2 33.b4 Nxa4 34.Bxe6 
Nc3 35.Bxf7+ Kg7 36.Nxc3 Rxc3 37.Qb2 Qg1+ 38.Ke2 Ng3+ 39.fxg3 Qxe3+ 40.Kf1
Qxf3+ 41.Rf2 Qh1+ 42.Ke2 Qe4+ 43.Kf1 Qd3+ 44.Ke1 Qe3+ 45.Kf1 Qd3+ 46.Ke1 
Qe3+ 47.Kf1 1/2-1/2

[Event "Bistro Stella Limhamn"]
[Site "Malmo SWE"]
[Date "2018.12.01"]
[Round "5.1"]
[White "Brynell, S"]
[Black "Grandelius, N"]
[Result "1/2-1/2"]
[WhiteElo "2409"]
[BlackElo "2678"]
[EventDate "2018.12.01"]

1.d4 Nf6 2.c4 e6 3.Nf3 d5 4.g3 Bb4+ 5.Nc3 O-O 6.Bg2 dxc4 7.O-O Nc6 8.Bg5 
h6 9.Bxf6 Qxf6 10.e3 Rb8 11.Nd2 Na5 12.Qa4 Qe7 13.a3 Bxc3 14.bxc3 b6 15.
Qb4 c5 16.dxc5 Qxc5 17.Qxc5 bxc5 18.Rab1 Bd7 19.Ne4 Nb3 20.Rfd1 Ba4 21.Bf1
f5 22.Nd6 Na5 23.Re1 Bb3 24.e4 Rfd8 25.e5 Kf8 26.Rb2 Ke7 27.f4 Rb6 28.Kf2 
Rdb8 29.Ke3 Nb7 30.Nxc4 Bxc4 31.Rxb6 axb6 32.Bxc4 Ra8 33.Rb1 Na5 34.Be2 
Rb8 35.Bb5 Rd8 36.Be2 Rb8 37.Bb5 Rd8 38.Be2 1/2-1/2

[Event "Bistro Stella Limhamn"]
[Site "Malmo SWE"]
[Date "2018.12.01"]
[Round "5.2"]
[White "Hansen, SuB"]
[Black "Tikkanen, H"]
[Result "1/2-1/2"]
[WhiteElo "2583"]
[BlackElo "2519"]
[EventDate "2018.12.01"]

1.Nf3 Nf6 2.g3 g6 3.b3 Bg7 4.Bb2 O-O 5.Bg2 d5 6.c4 c5 7.cxd5 Nxd5 8.Bxg7 
Kxg7 9.O-O Nc6 10.Qc1 b6 11.Qb2+ f6 12.d4 cxd4 13.Nxd4 Nxd4 14.Qxd4 Bb7 
15.Rd1 e6 16.Nc3 Nxc3 17.Qxc3 Qe7 18.Bxb7 Qxb7 19.Rd6 e5 20.Rad1 Rf7 21.h4
Rc8 22.Qd3 h5 23.a4 Rcc7 24.b4 Qc8 25.Rd8 Qg4 26.e4 Qe6 27.Qb5 Qc6 28.Qxc6
1/2-1/2

[Event "Bistro Stella Limhamn"]
[Site "Malmo SWE"]
[Date "2018.12.01"]
[Round "5.3"]
[White "Hillarp Persson, T"]
[Black "Westerberg, J"]
[Result "1-0"]
[WhiteElo "2546"]
[BlackElo "2534"]
[EventDate "2018.12.01"]

1.c4 e6 2.d4 d5 3.Nc3 a6 4.cxd5 exd5 5.Bf4 c6 6.e3 Bd6 7.Bg3 Ne7 8.Bd3 Bf5
9.Nf3 O-O 10.Rc1 Bg6 11.Qc2 a5 12.a3 Na6 13.O-O Bxg3 14.hxg3 Nc7 15.Ne5 
Bxd3 16.Qxd3 Ne8 17.g4 f6 18.Nf3 Qd7 19.Nh2 Nd6 20.Na4 Rab8 21.f3 b6 22.
Rf2 Ng6 23.Qc2 Qf7 24.Nf1 Rfe8 25.Re1 Qd7 26.Ng3 Ne7 27.Nc3 f5 28.gxf5 
Nexf5 29.Nxf5 Nxf5 30.Qd2 Qd6 31.Qd3 Qf6 32.Rd2 Qh4 33.Rdd1 Qg5 34.e4 Nh4 
35.Qf1 Rf8 36.Rd3 Rbe8 37.e5 Re6 38.Ne2 Rg6 39.g3 Nf5 40.Qg2 Nxg3 41.Nxg3 
Qxg3 42.Qxg3 Rxg3+ 43.Kf2 Rg6 44.Rc1 Re6 45.Ke3 g5 46.Rb3 b5 47.Rbc3 Rc8 
48.Rc5 b4 49.axb4 axb4 50.Rxd5 Ra8 51.Rd7 Ra2 52.Rc2 b3 53.Rg2 h6 54.f4 
Kf8 55.f5 Re7 56.Rd6 c5 57.Rxh6 cxd4+ 58.Ke4 d3 59.f6 Ra4+ 60.Kf5 Rd7 61.
Rh8+ Kf7 62.e6# 1-0

[Event "Bistro Stella Limhamn"]
[Site "Malmo SWE"]
[Date "2018.12.01"]
[Round "6.1"]
[White "Tikkanen, H"]
[Black "Hillarp Persson, T"]
[Result "0-1"]
[WhiteElo "2519"]
[BlackElo "2546"]
[EventDate "2018.12.01"]

1.d4 Nf6 2.Nf3 g6 3.e3 Bg7 4.Be2 O-O 5.c4 c5 6.d5 e6 7.Nc3 exd5 8.cxd5 d6 
9.O-O Na6 10.e4 Re8 11.Nd2 Rb8 12.Re1 Nc7 13.a4 a6 14.a5 Bd7 15.Bf3 Bb5 
16.Qb3 Nd7 17.Nc4 Bxc4 18.Qxc4 Ne5 19.Qf1 Nxf3+ 20.gxf3 b5 21.axb6 Rxb6 
22.Ra2 Qh4 23.Be3 f5 24.Qg2 f4 25.Bc1 Re5 26.Kh1 Rg5 27.Qf1 Be5 28.Ra3 Rb8
29.h3 Qh5 30.Ne2 Rf8 31.Ng1 Nb5 32.Rxa6 Nd4 33.Ra3 Rxg1+ 34.Kxg1 Nxf3+ 35.
Rxf3 Qxf3 36.Qg2 Qd3 37.f3 Rb8 38.Re2 Rb3 39.Re1 0-1

[Event "Bistro Stella Limhamn"]
[Site "Malmo SWE"]
[Date "2018.12.01"]
[Round "6.2"]
[White "Westerberg, J"]
[Black "Brynell, S"]
[Result "1/2-1/2"]
[WhiteElo "2534"]
[BlackElo "2409"]
[EventDate "2018.12.01"]

1.d4 d5 2.Nf3 Nf6 3.e3 e6 4.Bd3 c5 5.c3 Nc6 6.Nbd2 Bd6 7.O-O O-O 8.dxc5 
Bxc5 9.b4 Be7 10.Bb2 b6 11.a3 Bb7 12.Qe2 Rc8 13.Rac1 Qc7 14.c4 Qb8 15.cxd5
Nxd5 16.b5 Na5 17.Ne5 Nf6 18.Ng4 Rxc1 19.Rxc1 Rc8 20.Nxf6+ Bxf6 21.Rxc8+ 
Qxc8 22.Bxf6 Qc1+ 23.Nf1 gxf6 24.Qg4+ Kf8 25.Bxh7 f5 26.Qg8+ Ke7 27.Qg7 
Nc4 28.Bg8 Nd6 29.h4 Be4 30.Qd4 Nxb5 31.Qb4+ Qc5 32.Qb2 Nc3 33.Ng3 Kf8 34.
Bh7 Qc4 35.h5 Kg7 36.Nxe4 Qxe4 37.Qxc3+ Kxh7 38.Qf6 Kg8 39.h6 Qg4 40.h7+ 
Kxh7 41.Qxf7+ Kh8 42.Qxe6 Qd1+ 43.Kh2 Qh5+ 44.Kg1 1/2-1/2

[Event "Bistro Stella Limhamn"]
[Site "Malmo SWE"]
[Date "2018.12.01"]
[Round "6.3"]
[White "Hector, J"]
[Black "Hansen, SuB"]
[Result "1-0"]
[WhiteElo "2501"]
[BlackElo "2583"]
[EventDate "2018.12.01"]

1.e4 e5 2.Nf3 Nc6 3.Bc4 Bc5 4.O-O d6 5.c3 Nf6 6.d3 h6 7.Bb3 a5 8.Be3 Bxe3 
9.fxe3 O-O 10.Nbd2 Be6 11.Bc2 Ne7 12.d4 Ng6 13.Qe1 a4 14.a3 c6 15.c4 Re8 
16.Qd1 Qb6 17.Rb1 Qa6 18.Bd3 Ng4 19.Re1 Qa7 20.Bf1 Rad8 21.Rc1 Bd7 22.Nb1 
exd4 23.exd4 c5 24.Nc3 cxd4 25.Qxd4 Qxd4+ 26.Nxd4 N4e5 27.Ndb5 Bxb5 28.
cxb5 Ra8 29.Rcd1 Red8 30.Rd4 Nf4 31.Red1 Ne6 32.Rxd6 Rxd6 33.Rxd6 Kf8 34.
Rd5 f6 35.Rd2 Nc5 36.Be2 b6 37.Rd6 Rb8 38.Kf1 Kf7 39.Nd5 Nxe4 40.Rxb6 Rd8 
41.Rb7+ Kg8 42.Ne7+ Kh8 43.Nc6 Rd2 44.Nxe5 fxe5 45.Ke1 1-0

[Event "Bistro Stella Limhamn"]
[Site "Malmo SWE"]
[Date "2018.12.01"]
[Round "6.4"]
[White "Semcesen, D"]
[Black "Grandelius, N"]
[Result "0-1"]
[WhiteElo "2464"]
[BlackElo "2678"]
[EventDate "2018.12.01"]

1.d4 Nf6 2.Nf3 d5 3.Bg5 Ne4 4.Bf4 c5 5.e3 Qb6 6.Qc1 Nc6 7.c3 Bf5 8.Nbd2 e6
9.Be2 Be7 10.h3 O-O 11.O-O Rfc8 12.Nxe4 Bxe4 13.Rd1 h6 14.Ne5 Nxe5 15.Bxe5
cxd4 16.exd4 Bg5 17.Rd2 Bxd2 18.Qxd2 Qd8 19.Bf4 a6 20.a4 b5 21.axb5 axb5 
22.Rxa8 Rxa8 23.Bxb5 Qb6 24.Qe2 Ra5 25.Bd3 Bxd3 26.Qxd3 Qxb2 27.Qg3 Qb1+ 
28.Kh2 Ra1 0-1

[Event "Bistro Stella Limhamn"]
[Site "Malmo SWE"]
[Date "2018.12.01"]
[Round "7.1"]
[White "Hansen, SuB"]
[Black "Semcesen, D"]
[Result "1-0"]
[WhiteElo "2583"]
[BlackElo "2464"]
[EventDate "2018.12.01"]

1.d4 d5 2.c4 c6 3.Nf3 Nf6 4.Nbd2 g6 5.e3 Bg7 6.b4 O-O 7.Bb2 dxc4 8.Nxc4 
Nbd7 9.Be2 b6 10.O-O Bb7 11.Qb3 Qb8 12.Rac1 Rc8 13.Rfd1 e6 14.Nfe5 a5 15.
bxa5 b5 16.Nb6 Nxb6 17.axb6 Nd5 18.Nd7 Qd6 19.Nc5 Rcb8 20.Bf3 Bc8 21.b7 
Bxb7 22.e4 Ne7 23.Ba3 Qd8 24.d5 cxd5 25.Nxb7 Rxb7 26.Bxe7 Rxe7 27.exd5 Rc8
28.dxe6 Rxc1 29.exf7+ Kf8 30.Rxc1 Bd4 31.Bd5 Qc7 32.Rf1 Qc5 33.Qf3 Re5 34.
Bb3 Rf5 35.Qa8+ Kg7 36.g4 Bxf2+ 37.Kg2 Rf4 38.h3 b4 39.Kh1 Kh6 40.Kg2 Qe3 
41.f8=Q+ 1-0

[Event "Bistro Stella Limhamn"]
[Site "Malmo SWE"]
[Date "2018.12.01"]
[Round "7.2"]
[White "Grandelius, N"]
[Black "Westerberg, J"]
[Result "1/2-1/2"]
[WhiteElo "2678"]
[BlackElo "2534"]
[EventDate "2018.12.01"]

1.d4 d5 2.c4 dxc4 3.Nf3 Nf6 4.e3 Bg4 5.Bxc4 e6 6.h3 Bh5 7.Nc3 a6 8.O-O Nc6
9.Be2 Bd6 10.b3 O-O 11.Bb2 1/2-1/2

[Event "Bistro Stella Limhamn"]
[Site "Malmo SWE"]
[Date "2018.12.01"]
[Round "7.3"]
[White "Hillarp Persson, T"]
[Black "Hector, J"]
[Result "0-1"]
[WhiteElo "2546"]
[BlackElo "2501"]
[EventDate "2018.12.01"]

1.c4 e5 2.e3 Nf6 3.Nc3 d5 4.cxd5 Nxd5 5.Nf3 Nc6 6.Bb5 Nxc3 7.bxc3 Bd6 8.d4
Bd7 9.O-O e4 10.Nd2 Qh4 11.g3 Qg5 12.Be2 f5 13.Rb1 b6 14.Qb3 h5 15.Qd5 Be7
16.Nc4 Rd8 17.f3 h4 18.g4 exf3 19.Bxf3 fxg4 20.Be4 Qxd5 21.Bg6+ Qf7 22.
Bxf7+ Kf8 23.Be6+ Bf6 24.Ba3+ Ke8 25.Bxd7+ Rxd7 26.e4 Nxd4 27.cxd4 Rxd4 
28.e5 Rxc4 29.exf6 gxf6 30.Rxf6 Kd7 31.Rf7+ Kc8 32.Rc1 Rxc1+ 33.Bxc1 Rh5 
34.Rg7 Rc5 35.Bf4 g3 36.hxg3 hxg3 37.Rxg3 Rc4 38.Bg5 a5 39.Kf2 Rc2+ 40.Ke3
Rxa2 41.Kd4 Ra4+ 42.Kd5 Kb7 43.Be7 0-1

[Event "Bistro Stella Limhamn"]
[Site "Malmo SWE"]
[Date "2018.12.01"]
[Round "7.4"]
[White "Brynell, S"]
[Black "Tikkanen, H"]
[Result "1/2-1/2"]
[WhiteElo "2409"]
[BlackElo "2519"]
[EventDate "2018.12.01"]

1.e4 c6 2.d4 d5 3.exd5 cxd5 4.c4 Nf6 5.Nc3 Nc6 6.Nf3 g6 7.cxd5 Nxd5 8.Qb3 
Nxc3 9.Bc4 Nd5 10.Bxd5 e6 11.Bxc6+ bxc6 12.O-O Qd5 13.Be3 f6 14.Rfc1 Bd6 
15.Rc2 Qxb3 16.axb3 Bd7 17.Nd2 Ke7 18.Ne4 g5 19.Nxd6 Kxd6 20.Kf1 Rhb8 21.
Rc3 a5 22.Ke2 Rb5 23.Kd3 Rab8 24.Ra3 Be8 25.f3 Bg6+ 26.Kd2 a4 27.Bf2 Rxb3 
28.Rcxb3 Rxb3 29.Bg3+ Kd5 30.Rxb3 axb3 31.Kc3 f5 32.Bc7 g4 33.Bd8 Bh5 34.
fxg4 Bxg4 35.Bf6 Bd1 36.Kd2 Bc2 37.Ke3 Be4 38.g3 h5 39.h4 c5 40.dxc5 Kxc5 
41.Kf4 Kd5 42.Bc3 Bc2 43.Bf6 Bd1 44.Bc3 Kc4 45.Bf6 Kd3 46.Be5 Bg4 1/2-1/2